000 00671nam a22002177a 4500
003 UA-OsUOA
001 105107
007 ta
008 20140211b un ||||| |||| 00| 0 ukr d
100 _aМаярковський А.І.
090 _a330(477)
_bМ39
942 _cSA
040 _aUA-OsUOA
_bukr
_cUA-OsUOA
_dUA-OsUOA
245 _aСТратегічні напрями розвитку системи управління державними фінансами
300 _aС.7-19
955 _a0
041 _aukr
080 _a330(477)
773 0 _w105106
_tФінанси України
_dК.
_d2013
_g8
650 7 _a330 Економіка взагалі
_2UDC
999 _c391237
_d391237